000 00664cam4a220021700 4500
001 qce01833690
005 20190826094556.0
008 760526c19661967nyub 001 0 eng d
035 _a(Sirsi) r103668
035 _a(QCAT)lss01264536
035 _a(UPRA)qce01833690
040 _dUPRA
082 _a945.05
100 1 _aLaven, Peter.
_6A60982.1
245 1 0 _aRenaissance Italy, 1464-1534 /
_cPeter Laven.
260 _aNew York :
_bCapricorn Books,
_c1967, c1966.
504 _aBibliography: p. 257-275.
650 0 _aRenaissance -- Italy.
_zRenaissance -- Italy.
_6S28854.1
949 _aDG533
_wlcc
_i33729001835003
_mMAIN
_tBOOK
_lON-SHELF
004 103668
999 _c160615
_d160615